| 000 | 00991nam a2200241Ia 4500 | ||
|---|---|---|---|
| 003 | GCL | ||
| 008 | 140319s9999 xx 000 0 ara d | ||
| 020 | _a9763801977 | ||
| 040 |
_aGCL / _cGCL |
||
| 082 | 0 | 4 |
_a953.024 _bا ف |
| 100 | 1 | _aاصلاح عبدالحميد ريحان | |
| 245 | 1 | 0 |
_aالفتح الاسلامى لمدينة كابول من 31 هـ الى 205 هـ / _cاصلاح عبدالحميد ريحان |
| 260 |
_aالقاهرة : _bالهيئة المصرية العامة للكتاب ، _c2001 |
||
| 300 |
_a220 ص ؛ _c24 سم |
||
| 490 |
_aتاريخ المصريين _v215 |
||
| 650 | 0 | 4 | _aالفتوحات الاسلامية |
| 650 | 0 | 4 | _aالمعارك الحربية الاسلامية |
| 650 | 0 | 4 | _aكابول - تاريخ - العصر الاسلامى |
| 650 | 0 | 4 | _aكابول - الاحوال السياسية |
| 650 | 0 | 4 | _aكابول - الاحوال الاقتصادية |
| 650 | 0 | 4 | _aكابول - الاحوال الثقافية |
| 942 |
_2ddc _cBK |
||
| 999 |
_c56335 _d56335 |
||